Women of Anime by Picture - Statistics

General Stats
  • This quiz has been taken 16 times
  • The average score is 57 of 168
Answer Stats
Picture Answer % Correct
Do-S
100%
Mikasa
93%
Nezuko Kamado
93%
Yor Forger
93%
Big Mom
86%
Hinata Hyuga
86%
Ino Yamanaka
86%
Maki Oze
86%
Maki Zenin
86%
Nami
86%
Sakura Haruno
86%
Anya Forger
79%
Frieren
79%
Momo Ayase
79%
Nico Robin
79%
Nobara Kugisaki
79%
Yaoyorozu Momo
79%
Annie
71%
Cha Hae-In
71%
Historia
71%
Makima
71%
Power
71%
Shinobu Kocho
71%
Tenten
71%
Boa Hancock
64%
Fern
64%
Lucy Heartfilia
64%
Lucy Steel
64%
Lu Shaotang
64%
Mina Ashido
64%
Mina Ashiro
64%
Nefertari Vivi
64%
Pieck
64%
Reze
64%
Sasha
64%
Temari
64%
Tsunade
64%
Turbo Granny
64%
Ymir
64%
Angel
57%
Erza Scarlet
57%
Mei Zenin
57%
Mitsuri Kanroji
57%
Ochaco Uraraka
57%
Sarada Uchiha
57%
Shoko Ieiri
57%
Utahime Iori
57%
Yuki Tsukumo
57%
Himawari Uzumaki
50%
Kasumi Miwa
50%
Konan
50%
Rei
50%
Tsuyu Asui
50%
Asa
43%
Biscuit Krueger
43%
ChoCho Akimichi
43%
Daki
43%
Gabi
43%
Himiko Toga
43%
Jewelry Bonney
43%
Kanao
43%
Kyoka Jiro
43%
Noelle Silva
43%
Orihime Inoue
43%
Perona
43%
Aoi
36%
Aoi Sakamoto
36%
Asuka
36%
Fiona Frost
36%
Koala
36%
Kobeni Higashiyama
36%
Rukia Kuchiki
36%
Shizuku
36%
Yoruichi Shihōin
36%
Fami
29%
Himeno
29%
Karui Akimichi
29%
Lemon Irvine
29%
Lust
29%
Maka
29%
Misato
29%
Nejire Hado
29%
Quanxi
29%
Suì-Fēng
29%
Suika
29%
Sylvia Sherwood
29%
Tamaki Kotatsu
29%
Ubel
29%
Aira Shiratori
21%
Alluka
21%
Jolyne Cujoh
21%
Machi
21%
Mereoleona Vermillion
21%
Nakime
21%
Nelliel Tu Odelschwanck
21%
Petra
21%
Riza Hawkeye
21%
Rumi Usagiyama
21%
Sagiri
21%
Seiko Ayase
21%
Serie
21%
Sumire Kakei
21%
Tamayo
21%
Tatsumaki
21%
Yui
21%
Yuzuriha
21%
Yuzuriha
21%
Charmy Pappitson
14%
Hibana
14%
Hitori Gotoh
14%
Iris
14%
Kagura
14%
Kikoru Shinomiya
14%
Kohaku
14%
Mirajane Strauss
14%
Nurugai
14%
Olivier Armstrong
14%
Osaragi
14%
Rangiku Matsumoto
14%
Ruri
14%
Trish Una
14%
Tsukuyo
14%
Akira Akao
7%
Amo Empool
7%
Elizabeth Thompson
7%
Ermes Costello
7%
Falin Touden
7%
Fubaki
7%
Guita Hebby Fantasia
7%
Ikuyo Kita
7%
Juvia Lockser
7%
Kyuubei Yagyuu
7%
Lisa Lisa
7%
Love Cute
7%
Marcille Donato
7%
Medusa
7%
Nanao Ise
7%
Nero (Secre Swallowtail)
7%
Nijika Ijichi
7%
Reimi Sugimoto
7%
Riyo Reaper
7%
Ryo Yamada
7%
Semiu Grier
7%
Shimura Tae
7%
Sung Jin-Ah
7%
Winry Rockbell
7%
Yachiru Kusajishi
7%
Yasuho
7%
Yukako Yamagishi
7%
Arnheid
0%
Blair
0%
Ebisu
0%
Esil Radiru
0%
Gudrid
0%
Hakua Igarashi
0%
Helga
0%
Hild
0%
Izutsumi
0%
Konomi Okonogi
0%
Lee Joo-Hee
0%
Namari
0%
Natsuki
0%
Nikaido
0%
Noi
0%
Psykos
0%
Ritsuko
0%
Sophina Biblia
0%
Tsurara Halestone
0%
No matching quizzes found
Score Distribution
Percent of People with Each Score
Percentile by Number Answered
Your Score History
You have not taken this quiz